[Event "Penang op 15th"]
[Site "Penang"]
[Date "2023.12.19"]
[Round "3"]
[White "Eggers, Paul S"]
[Black "Tan, Li Shuen Abby"]
[Result "1-0"]
[WhiteElo "1747"]
[BlackElo "1153"]
[PlyCount "65"]
[EventDate "2023.12.18"]
[EventType "swiss"]
[EventRounds "9"]
[EventCountry "MAS"]
[SourceTitle "CB52_2023"]
[SourceDate "2023.12.27"]
[SourceVersion "1"]
[SourceVersionDate "2023.12.27"]
[SourceQuality "1"]

1. d4 Nf6 2. c4 c5 3. d5 e6 4. Nc3 exd5 5. cxd5 d6 6. e4 a6 7. a4 g6 8. Be2 Bg7 9. Nf3 0-0 10. 0-0 Re8 11. Qc2 Qe7 12. Nd2 Nbd7 13. h3 Rb8 14. f4 Nb6 15. Bf3 Bh6 16. a5 Nbd7 17. Nc4 b6 18. axb6 Nxb6 19. Na5 Bb7 20. Nc6 Bxc6 21. dxc6 Qa7 22. Nb5 Qe7 23. Rxa6 Na8 24. Ra7 Qf8 25. Qa4 Nb6 26. Qa6 Nc8 27. Rb7 Ra8 28. Qxa8 Ne7 29. Qa6 Ra8 30. Qb6 Rc8 31. c7 Ne8 32. Nxd6 Nxd6 33. Qxd6 1-0

[Event "Penang op 15th"]
[Site "Penang"]
[Date "2023.12.18"]
[Round "2"]
[White "Tan, Li Shuen Abby"]
[Black "Bonnet, Gabriel Misa Jean"]
[Result "1-0"]
[WhiteElo "1153"]
[BlackElo "1494"]
[PlyCount "63"]
[EventDate "2023.12.18"]
[EventType "swiss"]
[EventRounds "9"]
[EventCountry "MAS"]
[SourceTitle "CB52_2023"]
[SourceDate "2023.12.27"]
[SourceVersion "1"]
[SourceVersionDate "2023.12.27"]
[SourceQuality "1"]

1. e4 c5 2. Nc3 Nc6 3. Bc4 e6 4. d3 a6 5. a4 Nge7 6. Bg5 h6 7. Bd2 g6 8. f4 Bg7 9. Nf3 0-0 10. 0-0 d5 11. Bb3 Rb8 12. Qe1 b5 13. Rb1 c4 14. dxc4 dxc4 15. Ba2 b4 16. Bxc4 bxc3 17. bxc3 Rxb1 18. Qxb1 Qa5 19. Bb3 Qc5+ 20. Kh1 Bxc3 21. Qc1 Bxd2 22. Qxd2 Rd8 23. Qe1 Nd4 24. Nxd4 Qxd4 25. Qh4 Nc6 26. Qxh6 Qxe4 27. h3 Rd2 28. Rg1 Nd4 29. f5 Nxb3 30. f6 Qxg2+ 31. Rxg2 Rd1+ 32. Kh2 1-0